000 00285nam a2200121Ia 4500
008 180730s9999||||xx |||||||||||||| ||und||
082 _a320
_bASI/P
100 _aAsirvatham, Edd.
245 0 _aPolitical Theory
260 _aNew Delhi
_bS. Chand & Co.
_c2016
300 _a845
942 _cBK
999 _c150
_d150